00440nam a2200145Ia 450000500170000000800410001702000140005808200160007224500670008826000500015530000190020565000140022470000280023870000280026620240528010027.0240331s9999 xx 000 0 und d a955915005 bSOCa335.43 4aThe case for socalismbDiverse Arguments from Across the Globe aSri LankabYoung Socialist Publicationsc2004 axiii, 498 p ., aSocialism aMuthiah. S. Wesleyeedt aWanasinghe, Sydneyeedt